00351nam a2200133Ia 4500008004100000020001500041041001200056082001600068100001400084245007500098260002900173300000800202650000700210221030s9999 xx 000 0 und d a8120304179 aEnglish a105.23bSay aM. G. Say 4aThe Performance & Design of Alternating Current Machienscby M. G. Say bCBS PubaNew Delhic1999 a664 aEE